Formación y desarrollo de los colectivos de búsqueda de personas desaparecidas en Coahuila : (Record no. 210000)

MARC details
000 -CABECERA
campo de control de longitud fija 00861nam a2200229 a 4500
003 - IDENTIFICADOR DEL NÚMERO DE CONTROL
campo de control MX-MxUPN
005 - FECHA Y HORA DE LA ÚLTIMA TRANSACCIÓN
campo de control 20250617154653.0
008 - ELEMENTOS DE LONGITUD FIJA--INFORMACIÓN GENERAL
campo de control de longitud fija 230811s2018 mx ||||fr|||| 000 0 spa d
040 ## - FUENTE DE LA CATALOGACIÓN
Centro catalogador/agencia de origen MX-MxUPN
Lengua de catalogación spa
Centro/agencia transcriptor MX-MxUPN
041 0# - CÓDIGO DE IDIOMA
Código de lengua del texto/banda sonora o título independiente spa
050 14 - SIGNATURA TOPOGRÁFICA DE LA BIBLIOTECA DEL CONGRESO
Número de clasificación HV6322.3 M6
Número de documento/Ítem S26 2018
100 1# - ASIENTO PRINCIPAL--NOMBRE PERSONAL
Nombre de persona Sánchez Valdés, Víctor Manuel
9 (RLIN) 57067
100 1# - ASIENTO PRINCIPAL--NOMBRE PERSONAL
Nombre de persona Pérez Aguirre, Manuel
9 (RLIN) 57068
100 1# - ASIENTO PRINCIPAL--NOMBRE PERSONAL
Nombre de persona Verástegui González, Jorge
9 (RLIN) 57069
245 10 - MENCIÓN DE TÍTULO
Título Formación y desarrollo de los colectivos de búsqueda de personas desaparecidas en Coahuila :
Resto del título lecciones para el futuro
260 ## - PUBLICACIÓN, DISTRIBUCIÓN, ETC.
Lugar de publicación, distribución, etc. Ciudad de México :
Nombre del editor, distribuidor, etc. El Colegio de México,
Fecha de publicación, distribución, etc. 2018.
300 ## - DESCRIPCIÓN FÍSICA
Extensión 164 páginas
650 #4 - ASIENTO SECUNDARIO DE MATERIA - TERMINO TEMATICO
Término de materia o nombre geográfico como elemento de entrada Familias de personas desaparecidas
Subdivisión geográfica Coahuila
9 (RLIN) 57072
650 #4 - ASIENTO SECUNDARIO DE MATERIA - TERMINO TEMATICO
Término de materia o nombre geográfico como elemento de entrada Personas desaparecidas
Subdivisión geográfica Coahuila
9 (RLIN) 57073
902 ## - ELEMENTOS DE DATOS B LOCAL, LDB (RLIN)
Creó Daniela Badillo 11/08/23
Modificó Víctor Ruiz/170625
942 ## - ELEMENTOS DE PUNTO DE ACCESO ADICIONAL (KOHA)
Fuente del sistema de clasificación o colocación Library of Congress Classification
Tipo de ítem Koha Libro
Suprimir en OPAC No
Holdings
Estado de retiro Estado de pérdida Fuente del sistema de clasificación o colocación Estado dañado No para préstamo Código de colección Localización permanente Ubicación/localización actual Ubicación en estantería Fecha de adquisición Total de préstamos Clasificación Código de barras Fecha visto por última vez Precio válido a partir de Tipo de ítem Koha
    Library of Congress Classification     Colección General Bib. Gregorio Torres Quintero Bib. Gregorio Torres Quintero Planta baja 03/06/2025   HV6322.3 M6 S26 2018 340626 03/06/2025 03/06/2025 Libro